[Event "29th Czech Open A 2018"]
[Site "Pardubice CZE"]
[Date "2018.07.26"]
[Round "7.90"]
[White "Heinemann, Josefine"]
[Black "Michelle Catherina, P"]
[Result "1/2-1/2"]
[WhiteTitle "WIM"]
[BlackTitle "WIM"]
[WhiteElo "2294"]
[BlackElo "2069"]
[WhiteFideId "12900460"]
[BlackFideId "5005736"]
[EventDate "2018.07.20"]

1. d4 Nf6 2. c4 e6 3. Nf3 d5 4. g3 dxc4 5. Bg2 Bb4+ 6. Bd2 a5 7. Qc2 Bxd2+ 8.
Nbxd2 b5 9. a4 c6 10. Ne5 Nd5 11. O-O O-O 12. Rad1 Bb7 13. e4 Nb6 14. d5 Qc7 15.
Ndf3 cxd5 16. exd5 f6 17. d6 Qc8 18. d7 N8xd7 19. Nxd7 Nxd7 20. axb5 Bd5 21. Bh3
Re8 22. Nd4 Qb7 23. Qd2 Ne5 24. Qe3 Qb6 25. f4 Nd3 26. b3 e5 27. Nf5 Qxb5 28.
bxc4 Bxc4 29. Nd6 exf4 30. Qd4 Qc5 31. Qxc5 Nxc5 32. Nxc4 fxg3 33. hxg3 Ne4 34.
Bg2 Rab8 35. Rd3 a4 36. Re1 Nc5 37. Rxe8+ Rxe8 38. Rd5 Nb3 39. Rd7 h5 40. Nd6
Rb8 41. Nf5 Rb5 42. Bd5+ Kh8 43. Rd8+ Kh7 44. Bg8+ Kg6 45. Nd4 Nxd4 46. Rxd4 Rg5
47. Kf2 Rg4 48. Rd7 h4 49. gxh4 Rxh4 50. Ra7 f5 51. Bf7+ Kf6 52. Be8 Rh2+ 53.
Kg3 Ra2 54. Rxa4 Rxa4 55. Bxa4 g5 1/2-1/2

[Event "29th Czech Open A 2018"]
[Site "Pardubice CZE"]
[Date "2018.07.26"]
[Round "7.91"]
[White "Monnisha, G K"]
[Black "Machlik, Edit"]
[Result "1/2-1/2"]
[WhiteTitle "WIM"]
[WhiteElo "2292"]
[BlackElo "2046"]
[WhiteFideId "5009936"]
[BlackFideId "1513591"]
[EventDate "2018.07.20"]

1. e4 c6 2. d4 d5 3. exd5 cxd5 4. c4 Nf6 5. Nc3 Nc6 6. Bg5 dxc4 7. d5 Ne5 8. Qd4
h6 9. Qxe5 hxg5 10. O-O-O Bd7 11. Bxc4 Rc8 12. Bb3 b5 13. Kb1 b4 14. Ne4 Nxe4
15. Qxe4 a5 16. d6 Rh4 17. Qe3 a4 18. Bd5 Rh6 19. Nf3 Bf5+ 20. Be4 Bxe4+ 21.
Qxe4 Rxd6 22. Rxd6 Qxd6 23. Rc1 Rxc1+ 24. Kxc1 Qf4+ 25. Nd2 Qxe4 26. Nxe4 e6 27.
Nxg5 Be7 28. Ne4 Kd7 29. Kc2 Kc6 30. Kd3 Kd5 31. Nd2 e5 32. g4 g6 33. f3 f5 34.
gxf5 gxf5 35. Nf1 e4+ 36. Ke2 exf3+ 37. Kxf3 b3 38. axb3 axb3 39. Nd2 Bf6 40.
Nxb3 Bxb2 41. Nd2 Ke6 42. h3 Kf6 43. Nc4 Bc3 44. Nd6 Kg5 45. h4+ Kxh4 46. Nxf5+ 1/2-1/2

[Event "29th Czech Open A 2018"]
[Site "Pardubice CZE"]
[Date "2018.07.26"]
[Round "7.92"]
[White "Obsivac, Josef"]
[Black "Svanda, Ondrej"]
[Result "1/2-1/2"]
[WhiteTitle "FM"]
[WhiteElo "2290"]
[BlackElo "2111"]
[WhiteFideId "303690"]
[BlackFideId "359670"]
[EventDate "2018.07.20"]

1. d4 Nf6 2. c4 c5 3. d5 b5 4. cxb5 a6 5. b6 e6 6. Nc3 exd5 7. Nxd5 Nxd5 8. Qxd5
Nc6 9. Nf3 Rb8 10. e4 Be7 11. Bc4 O-O 12. O-O Rxb6 13. Bd2 d6 14. Qd3 Bf6 15.
Bc3 Be6 16. Rfd1 Bxc3 17. bxc3 Bxc4 18. Qxc4 Qf6 19. Rd5 Ne7 20. Rd2 Ng6 21.
Rad1 Re8 22. Rd5 h6 23. Nd2 Qe6 24. g3 Ne5 25. Qf1 f5 26. Qg2 Rb2 27. a4 Rc2 28.
exf5 Qxf5 29. Qe4 Qxe4 30. Nxe4 Nf3+ 31. Kg2 Rxe4 32. Kxf3 Rxa4 33. Rxd6 Raa2
34. Rc6 Rxf2+ 35. Ke3 Rfe2+ 36. Kf3 Rf2+ 37. Ke3 Rxh2 38. Rd8+ Kh7 39. Rxc5 Rhg2
40. Kf3 Raf2+ 41. Kg4 Rf6 42. Kh3 Rgf2 43. Rd3 R2f3 44. Rxf3 Rxf3 45. Kg4 Rf6
46. c4 Kg6 47. Rd5 Rc6 48. c5 a5 49. Kf4 a4 50. Rd4 Rxc5 1/2-1/2

[Event "29th Czech Open A 2018"]
[Site "Pardubice CZE"]
[Date "2018.07.26"]
[Round "7.93"]
[White "Berzina, Ilze"]
[Black "Haring, Viktor"]
[Result "0-1"]
[WhiteTitle "WGM"]
[BlackTitle "FM"]
[WhiteElo "2173"]
[BlackElo "2289"]
[WhiteFideId "11601345"]
[BlackFideId "14919400"]
[EventDate "2018.07.20"]

1. e4 c5 2. Nf3 e6 3. d4 cxd4 4. Nxd4 Nc6 5. c4 Nf6 6. Nc3 Bb4 7. Nxc6 bxc6 8.
Qf3 e5 9. Be2 d6 10. h3 Rg8 11. Bd2 Rb8 12. Qd3 Be6 13. Rd1 Bc5 14. b3 Bd4 15.
Bf3 Qb6 16. Na4 Qa6 17. Bc3 c5 18. Bd2 g5 19. Nc3 h5 20. Nb5 Rxb5 21. cxb5 Qxa2
22. b6 axb6 23. Qb5+ Ke7 24. Qxb6 g4 25. hxg4 hxg4 26. Qc7+ Bd7 27. Be2 Nxe4 28.
Bb5 Bxf2+ 29. Kf1 Nxd2+ 30. Kxf2 Ne4+ 31. Ke3 Qxb3+ 32. Rd3 Qxb5 33. Kxe4 Qc6+
34. Qxc6 Bxc6+ 35. Kf5 Bd7+ 36. Ke4 Be6 37. Rh5 f5+ 38. Ke3 d5 39. Ra3 d4+ 40.
Kd2 Rg6 41. Ra6 e4 42. Rh7+ Kf6 43. Rc7 Kg5 44. Rxc5 e3+ 45. Ke1 Rh6 46. Rd6 Kf4
47. Rxd4+ Kg3 48. Rc6 f4 49. Ke2 Rf6 50. Re4 Bd5 51. Rxf6 Bxe4 52. Rf8 Bxg2 53.
Rf6 Bf3+ 54. Ke1 Bd5 55. Rd6 f3 56. Rxd5 Kg2 57. Rf5 g3 58. Rf6 f2+ 59. Ke2 Kg1 0-1

[Event "29th Czech Open A 2018"]
[Site "Pardubice CZE"]
[Date "2018.07.26"]
[Round "7.94"]
[White "Oberhofer, Cedric"]
[Black "Mosesov, Danylo"]
[Result "1/2-1/2"]
[BlackTitle "FM"]
[WhiteElo "2141"]
[BlackElo "2282"]
[WhiteFideId "12941220"]
[BlackFideId "14149494"]
[EventDate "2018.07.20"]

1. e4 c5 2. Nf3 e6 3. d4 cxd4 4. Nxd4 a6 5. Bd3 Ne7 6. O-O Nbc6 7. Nxc6 Nxc6 8.
Be3 Be7 9. f4 d6 10. Nd2 O-O 11. Nf3 Nb4 12. Be2 Qc7 13. c4 Nc6 14. Rc1 Bd7 15.
Qd2 a5 16. Rfd1 Rfd8 17. Nd4 Nxd4 18. Bxd4 e5 19. Be3 Bc6 20. Bf3 b6 21. Qf2
Rab8 22. Rc3 a4 23. b4 axb3 24. Rxb3 Ba4 25. Bxb6 Rxb6 26. Qxb6 Qxb6+ 27. Rxb6
Bxd1 28. Bxd1 d5 29. Rb1 dxc4 1/2-1/2

[Event "29th Czech Open A 2018"]
[Site "Pardubice CZE"]
[Date "2018.07.26"]
[Round "7.95"]
[White "Wong, Gengchun"]
[Black "Jurek, Josef"]
[Result "0-1"]
[BlackTitle "IM"]
[WhiteElo "2162"]
[BlackElo "2277"]
[WhiteFideId "12963283"]
[BlackFideId "300993"]
[EventDate "2018.07.20"]

1. e4 e6 2. d4 d5 3. Nd2 a6 4. Ngf3 Nf6 5. Bd3 c5 6. c3 cxd4 7. Nxd4 dxe4 8.
Nxe4 e5 9. Nf3 Nc6 10. Nxf6+ Qxf6 11. Bg5 Qd6 12. O-O f6 13. Be3 Be6 14. Qc2 g6
15. Rfd1 Qc7 16. b4 Be7 17. a4 Kf7 18. a5 Rac8 19. Qe2 Bd6 20. Nd2 f5 21. Nc4
Be7 22. Nb6 Rcd8 23. Bc4 Bxc4 24. Qxc4+ Kg7 25. Qe6 Rhe8 26. Qb3 f4 27. Nd5 Rxd5
28. Rxd5 fxe3 29. fxe3 Bg5 30. e4 Qf7 31. Rad1 Ne7 32. c4 Nxd5 33. exd5 Rf8 34.
Qd3 Qf2+ 35. Kh1 Be3 36. d6 Bd4 37. d7 Qf5 38. Qxf5 gxf5 0-1

[Event "29th Czech Open A 2018"]
[Site "Pardubice CZE"]
[Date "2018.07.26"]
[Round "7.96"]
[White "Chekletsov, Egor"]
[Black "Kutynec, Vladimir"]
[Result "0-1"]
[BlackTitle "IM"]
[WhiteElo "2123"]
[BlackElo "2273"]
[WhiteFideId "24175315"]
[BlackFideId "4119843"]
[EventDate "2018.07.20"]

1. d4 g6 2. c4 Bg7 3. Nc3 c5 4. Nf3 cxd4 5. Nxd4 Nc6 6. Nxc6 bxc6 7. Qc2 Nf6 8.
b3 d5 9. e3 Bf5 10. Bd3 Bxd3 11. Qxd3 Ne4 12. Bb2 Qa5 13. Rc1 Rd8 14. O-O Nc5
15. Qe2 dxc4 16. Ne4 c3 17. Bxc3 Bxc3 18. Nxc3 Nd3 19. Rc2 O-O 20. Rd1 Nb4 21.
Rcd2 Nd5 22. Nxd5 Rxd5 23. h3 Rfd8 24. Rxd5 cxd5 25. Qd2 Qa3 26. Qc2 Qd6 27. Rc1
d4 28. exd4 Qxd4 29. Qc3 Qf4 30. Qc7 Rd1+ 0-1

[Event "29th Czech Open A 2018"]
[Site "Pardubice CZE"]
[Date "2018.07.26"]
[Round "7.97"]
[White "Karthick, Narayanan S"]
[Black "Kopylov, Daniel"]
[Result "1/2-1/2"]
[WhiteElo "1919"]
[BlackElo "2272"]
[WhiteFideId "25045288"]
[BlackFideId "12921971"]
[EventDate "2018.07.20"]

1. e4 c5 2. Nf3 d6 3. d4 cxd4 4. Nxd4 Nf6 5. Nc3 Nc6 6. g3 e6 7. Bg2 Bd7 8. O-O
Nxd4 9. Qxd4 Be7 10. h3 O-O 11. Be3 Bc6 12. a4 Qc7 13. Nb5 Qb8 14. c4 Rd8 15.
Rac1 b6 16. Nc3 Nd7 17. Qd1 a5 18. f4 Bf6 19. Bd4 Bxd4+ 20. Qxd4 Nc5 21. Rb1
Bxa4 22. Nxa4 Nxa4 23. f5 e5 24. Qe3 f6 25. b3 Nc5 26. Rfd1 Qc7 27. Qd2 Na6 28.
Qd5+ Kf8 29. Kh2 Nb4 30. Qd2 Nc6 31. g4 Nd4 32. g5 Qf7 33. gxf6 gxf6 34. Qh6+
Qg7 35. Qh4 Ke7 36. Rxd4 exd4 37. e5 1/2-1/2

[Event "29th Czech Open A 2018"]
[Site "Pardubice CZE"]
[Date "2018.07.26"]
[Round "7.98"]
[White "Khaetsky, Roman"]
[Black "Sosovicka, Jakub"]
[Result "1-0"]
[WhiteTitle "IM"]
[WhiteElo "2381"]
[BlackElo "1982"]
[WhiteFideId "14106221"]
[BlackFideId "14929210"]
[EventDate "2018.07.20"]

1. e4 c5 2. Nf3 d6 3. d4 cxd4 4. Nxd4 Nf6 5. Nc3 a6 6. Bd3 e5 7. Nde2 Be6 8. O-O
Be7 9. Be3 O-O 10. Ng3 Nbd7 11. Nd5 Rc8 12. c4 Nc5 13. Bc2 Ncd7 14. Qe2 b5 15.
cxb5 axb5 16. Rfd1 Bxd5 17. exd5 Nb6 18. Nf5 Nbxd5 19. Bg5 Rc5 20. Bb3 h6 21.
Bh4 Nf4 22. Qf3 d5 23. Bg3 N6h5 24. Bxd5 Nxg3 25. hxg3 Nxd5 26. Rxd5 Qc7 27. Qg4
Bg5 28. Rdd1 Rc8 29. f4 exf4 30. gxf4 Qb6 31. Kh1 Rc4 32. Nd6 Bf6 33. Nxc8 1-0

[Event "29th Czech Open A 2018"]
[Site "Pardubice CZE"]
[Date "2018.07.26"]
[Round "7.99"]
[White "ter Stal, Rainer"]
[Black "Stefansson, Hannes"]
[Result "0-1"]
[WhiteTitle "CM"]
[BlackTitle "GM"]
[WhiteElo "2194"]
[BlackElo "2536"]
[WhiteFideId "12993603"]
[BlackFideId "2300087"]
[EventDate "2018.07.20"]

1. d4 Nf6 2. c4 e6 3. g3 c5 4. Nf3 cxd4 5. Nxd4 Qc7 6. Nd2 Bc5 7. N2f3 O-O 8. a3
Rd8 9. Bf4 d6 10. Bg5 d5 11. Bxf6 gxf6 12. Rc1 e5 13. cxd5 Qb6 14. Rxc5 Qxc5 15.
Nb3 Qxd5 16. Qxd5 Rxd5 17. Nfd2 Nc6 18. Bg2 Rb5 0-1

[Event "29th Czech Open A 2018"]
[Site "Pardubice CZE"]
[Date "2018.07.26"]
[Round "7.100"]
[White "Fataliyeva, Ulviyya"]
[Black "Hrdina, Robin"]
[Result "1/2-1/2"]
[WhiteTitle "WGM"]
[WhiteElo "2344"]
[BlackElo "2193"]
[WhiteFideId "13403052"]
[BlackFideId "339342"]
[EventDate "2018.07.20"]

1. e4 e5 2. Nf3 Nc6 3. Bb5 a6 4. Ba4 Nf6 5. d3 d6 6. O-O g6 7. c3 Bg7 8. h3 O-O
9. Re1 Re8 10. Bg5 d5 11. exd5 Qxd5 12. c4 Qd6 13. Bxc6 bxc6 14. Nc3 Bf5 15. Ne4
Nxe4 16. dxe4 Be6 17. Qa4 a5 18. Bd2 Qc5 19. Rac1 h6 20. b3 Qb6 21. Be3 Qb7 22.
Bc5 f6 23. Red1 Bf8 24. Bxf8 Kxf8 25. Ne1 Qb6 26. Nd3 Kf7 27. Rc2 Rad8 28. Rcd2
Rd4 29. Kf1 Red8 30. f3 Kg7 31. Qa3 Kf7 32. Ke2 Ra8 33. Nc5 Rxd2+ 34. Rxd2 Qb4
35. Qxb4 axb4 36. Nd3 Rb8 37. Kd1 g5 38. Kc2 h5 39. Rd1 Ke7 40. g4 h4 41. Ra1
Bc8 42. a3 bxa3 43. Rxa3 Kd6 44. Kc3 Ke7 45. Nc5 Kd8 46. Ra2 Ke7 47. b4 Kd8 48.
Ra7 Bd7 49. Kb3 Bc8 50. Ka4 Bd7 51. Ka5 Bc8 52. Ka4 Bd7 53. Na6 Rc8 54. Ka3 Be8
55. Kb3 Bd7 56. Nc5 Rb8 57. Ka4 1/2-1/2

[Event "29th Czech Open A 2018"]
[Site "Pardubice CZE"]
[Date "2018.07.26"]
[Round "7.101"]
[White "Soural, Jan"]
[Black "Goluch, Piotr"]
[Result "1/2-1/2"]
[BlackTitle "FM"]
[WhiteElo "2192"]
[BlackElo "2332"]
[WhiteFideId "311928"]
[BlackFideId "1137840"]
[EventDate "2018.07.20"]

1. d4 d5 2. c4 e6 3. Nf3 Nf6 4. g3 Be7 5. Bg2 O-O 6. O-O dxc4 7. Qc2 a6 8. a4
Nc6 9. Qxc4 Rb8 10. Bd2 Ne4 11. Bf4 Nd6 12. Qd3 Nb4 13. Qb3 Nd5 14. Nc3 Nxf4 15.
gxf4 Bd7 16. Rfd1 Bc6 17. d5 Bxd5 18. Nxd5 exd5 19. Rxd5 c6 20. Rd3 Qc7 21. Ne5
Rbd8 22. Rad1 g6 23. R1d2 Kg7 24. e3 Rfe8 25. h3 f6 26. Nc4 Nf5 27. Qd1 b5 28.
Rd7 Rxd7 29. Rxd7 Rd8 30. Rxd8 Bxd8 31. Na3 Be7 32. Nc2 c5 33. axb5 axb5 34. Na3
Qa5 35. Bf1 c4 36. Nc2 Qa2 37. Nd4 Nxd4 38. Qxd4 Kf8 39. Bg2 b4 40. Bd5 Qa1+ 41.
Kg2 c3 42. bxc3 bxc3 43. f5 Qa5 44. Be4 gxf5 45. Bc2 Qa8+ 46. f3 Qc6 47. Qd3 Qc5
48. Qxf5 Qxe3 49. Qc8+ Kg7 50. Qg4+ Qg5 51. f4 Qxg4+ 52. hxg4 h6 53. Kf3 Ba3 54.
Ke4 Bc1 55. f5 Kf7 56. Kd5 Ke7 57. Ba4 Kd8 58. Kc6 1/2-1/2

[Event "29th Czech Open A 2018"]
[Site "Pardubice CZE"]
[Date "2018.07.26"]
[Round "7.103"]
[White "Krak, Tomas"]
[Black "Debevec, Blaz"]
[Result "0-1"]
[WhiteTitle "FM"]
[WhiteElo "2268"]
[BlackElo "2169"]
[WhiteFideId "14903750"]
[BlackFideId "14605813"]
[EventDate "2018.07.20"]

1. c4 Nf6 2. Nc3 c5 3. Nf3 d5 4. cxd5 Nxd5 5. g3 Nc6 6. Bg2 g6 7. d3 Bg7 8. Bd2
O-O 9. O-O h6 10. Nxd5 Qxd5 11. Be3 Qh5 12. Rc1 b6 13. Nd2 Bd7 14. Qa4 Ne5 15.
Qh4 Qxh4 16. gxh4 Rac8 17. b3 Bc6 18. Nc4 Bxg2 19. Kxg2 Nc6 20. a4 Nd4 21. Bxd4
Bxd4 22. Nd2 Rcd8 23. Rc4 f5 24. Rfc1 Rd7 25. Nf3 Bf6 26. a5 Rb8 27. axb6 Rxb6
28. Nd2 Bd4 29. R1c2 Kf7 30. Ra4 Rb5 31. Ra6 h5 32. Rca2 Bc3 33. Nf3 Bf6 34. e4
Rxd3 35. e5 Rxf3 36. exf6 Rf4 37. fxe7 Rg4+ 38. Kf1 Re4 39. Rxa7 Rxe7 40. Rxe7+
Kxe7 41. Ra6 Kf7 42. Rc6 Rxb3 43. Rxc5 Rb4 44. Kg2 Rxh4 45. Rc6 Ra4 46. Rb6 Kg7
47. Rc6 Kh6 48. Rb6 Kg5 49. Rc6 Ra3 50. Rb6 h4 51. h3 Ra4 52. Rc6 Rd4 53. Ra6
Kh5 54. Ra2 g5 55. f3 Rd6 56. Rb2 Kg6 57. Kf2 Kf6 58. Re2 Rd3 59. Kg2 Rd1 60.
Kf2 Rd5 61. Ra2 Ke5 62. Re2+ Kf4 63. Ra2 Rd4 64. Rb2 Ra4 65. Rc2 Ra3 66. Rc4+
Ke5 67. Rc5+ Kd4 68. Rc2 Kd5 69. Rd2+ Kc4 70. Ke2 f4 71. Rc2+ Rc3 72. Ra2 Re3+
73. Kf2 Re5 74. Rc2+ Kd3 75. Ra2 Rb5 76. Ra3+ Kd4 77. Ra2 Rb3 78. Rd2+ Kc4 79.
Ra2 Kd3 80. Ra5 Rb2+ 81. Kg1 Ke2 82. Kg2 Ke3+ 83. Kg1 Kxf3 84. Rxg5 Rb1+ 85. Kh2
Ke3 86. Re5+ Kf2 87. Re4 Rb2 88. Re8 Kf3+ 89. Kh1 Kg3 90. Rg8+ Kf3 91. Ra8 Re2
92. Rg8 Kf2 93. Rg4 f3 94. Rg8 Ke1 95. Rg1+ Kd2 96. Rg8 f2 97. Kg2 Ke1 0-1

[Event "29th Czech Open A 2018"]
[Site "Pardubice CZE"]
[Date "2018.07.26"]
[Round "7.104"]
[White "Petrova, Kristyna"]
[Black "Pcola, Jaroslav1"]
[Result "1-0"]
[WhiteTitle "WIM"]
[WhiteElo "2264"]
[BlackElo "2098"]
[WhiteFideId "309672"]
[BlackFideId "14907810"]
[EventDate "2018.07.20"]

1. e4 c5 2. Nf3 Nc6 3. d4 cxd4 4. Nxd4 g6 5. c4 Bg7 6. Be3 Nf6 7. Nc3 d6 8. Be2
O-O 9. O-O Bd7 10. Qd2 Nxd4 11. Bxd4 Bc6 12. f3 a5 13. b3 Nd7 14. Be3 Nc5 15.
Rab1 Rb8 16. Rfc1 Qd7 17. Bf1 Rfd8 18. Rc2 b6 19. a3 Qe8 20. b4 axb4 21. axb4
Nd7 22. Nd5 Rb7 23. Ra2 Bxd5 24. cxd5 Ra8 25. Bb5 Rxa2 26. Qxa2 Qb8 27. Rc1 h5
28. h3 Kh7 29. Qc2 Nf8 30. Qf2 Rc7 31. Bc6 Nd7 32. f4 Qa7 33. Rc2 Qa3 34. b5 Nc5
35. Bxc5 dxc5 36. e5 Ra7 37. Kh2 Bf8 38. Rd2 Ra4 39. d6 exd6 40. exd6 Rd4 41. d7
Be7 42. Qe2 Rxd2 43. Qxd2 Bd8 44. Qd5 Qc3 45. Qxf7+ Qg7 46. Qe8 Qf6 47. g3 Qb2+
48. Kg1 Qd4+ 49. Kg2 Qb2+ 50. Kf3 Qc3+ 51. Qe3 Qf6 52. Bd5 Qe7 53. Qe6 Qxe6 54.
Bxe6 h4 55. gxh4 Bxh4 56. Kg4 Bd8 57. f5 Kg7 58. fxg6 Kxg6 59. h4 Kf6 60. Bf5 c4
61. h5 Kg7 62. Kf3 Bf6 63. Ke4 Kf7 64. Kd5 c3 65. h6 Ke7 66. Kc6 Kd8 67. Kd6 Bh8
68. h7 Bg7 69. Ke6 Bd4 70. Kf7 c2 71. Bxc2 Kxd7 72. Kg8 Ke7 73. h8=Q Bxh8 74.
Kxh8 Kf6 75. Kg8 Ke7 76. Kg7 Ke6 77. Kf8 Kd7 78. Kf7 Kd6 79. Ke8 Kc7 80. Ke7 1-0

[Event "29th Czech Open A 2018"]
[Site "Pardubice CZE"]
[Date "2018.07.26"]
[Round "7.105"]
[White "Nguyen, Alex Dac-Vuong"]
[Black "Elgersma, Simon"]
[Result "1-0"]
[WhiteElo "2175"]
[BlackElo "2263"]
[WhiteFideId "12984388"]
[BlackFideId "1046101"]
[EventDate "2018.07.20"]

1. e4 g6 2. d4 Bg7 3. Nf3 d6 4. Bc4 Nf6 5. Qe2 O-O 6. e5 Ne8 7. h3 d5 8. Bd3 c6
9. O-O Nc7 10. c3 a5 11. Re1 Ne6 12. Ng5 c5 13. Nxe6 Bxe6 14. dxc5 Qc7 15. Na3
Nd7 16. Bf4 Nxc5 17. Bc2 Bd7 18. Rad1 Ne6 19. Bg3 Qc5 20. Bd3 Bh6 21. Qg4 Rfd8
22. Bf5 Bg7 23. Bxe6 Bxe6 24. Qd4 Rdc8 25. Qxc5 Rxc5 26. f3 Rcc8 27. Bf4 b5 28.
Nxb5 Rab8 29. a4 Rc4 30. Rd4 Rb7 31. b3 Rc8 32. Re3 h6 33. Kf1 g5 34. Bg3 Bf8
35. Bf2 Bd7 36. Rxd5 e6 37. Rdd3 Bxb5 38. axb5 Rxb5 39. c4 Rb7 40. Re4 Rcb8 41.
c5 Rxb3 42. Rxb3 Rxb3 43. Rc4 a4 44. c6 Rb8 45. Rxa4 Rb1+ 46. Ke2 Rc1 47. Ra6
Bc5 48. Kd2 Rc4 49. Kd3 Rc1 50. Be1 Be7 51. Bc3 Rd1+ 52. Kc2 Rd8 53. Ba5 Rc8 54.
Kb3 f6 55. c7 Kf7 56. Kc4 fxe5 57. Kb5 Bf8 58. Kc6 Ke8 59. Rb6 1-0

[Event "29th Czech Open A 2018"]
[Site "Pardubice CZE"]
[Date "2018.07.26"]
[Round "7.106"]
[White "Maltsevskaya, Aleksandra"]
[Black "Roessler, Ulrike"]
[Result "1-0"]
[BlackTitle "WIM"]
[WhiteElo "2261"]
[BlackElo "2137"]
[WhiteFideId "24174041"]
[BlackFideId "4622650"]
[EventDate "2018.07.20"]

1. Nf3 Nf6 2. g3 g6 3. Bg2 Bg7 4. O-O O-O 5. d4 d6 6. b3 Nbd7 7. Bb2 e5 8. dxe5
Ng4 9. c4 Ngxe5 10. Nxe5 dxe5 11. Qc1 c6 12. Nd2 f5 13. e4 f4 14. Nf3 Qe7 15. c5
Rf7 16. b4 g5 17. Rd1 Nf8 18. Rd6 Bg4 19. Nd2 fxg3 20. hxg3 Ne6 21. f3 Bh5 22.
Bf1 Re8 23. Bc4 Qf6 24. Qf1 Bf8 25. Rxe6 Rxe6 26. Qh3 Qd8 27. Bxe6 Bg6 28. Nc4 1-0

[Event "29th Czech Open A 2018"]
[Site "Pardubice CZE"]
[Date "2018.07.26"]
[Round "7.107"]
[White "Perov, German"]
[Black "Zhuravlev, Stepan"]
[Result "1-0"]
[WhiteElo "2256"]
[BlackElo "2121"]
[WhiteFideId "44111410"]
[BlackFideId "34120197"]
[EventDate "2018.07.20"]

1. e4 e5 2. Nc3 Nf6 3. f4 d5 4. fxe5 Nxe4 5. Qf3 Nxc3 6. bxc3 c5 7. Bb5+ Nc6 8.
Ne2 Be6 9. O-O Qc7 10. d4 O-O-O 11. Bxc6 Qxc6 12. Bg5 Rd7 13. a4 h5 14. h3 g6
15. Rfb1 c4 16. a5 Bf5 17. Rb2 Be7 18. Bxe7 Rxe7 19. Ng3 Be6 20. Qf6 Ree8 21.
Rab1 Qd7 22. Ne2 Qe7 23. Qf3 g5 24. Ng3 Qd7 25. Qf6 h4 26. Rxb7 Qxb7 27. Rxb7
Kxb7 28. Nf5 Bxf5 29. Qxf7+ Ka6 30. Qxf5 Kxa5 31. Qd7 Kb6 32. Qd6+ Kb7 33. Qxd5+
Kb8 34. Qxc4 g4 35. hxg4 Reg8 36. Qb5+ Ka8 37. Qd7 Rc8 38. e6 Rhd8 39. Qb5 Re8
40. d5 1-0

[Event "29th Czech Open A 2018"]
[Site "Pardubice CZE"]
[Date "2018.07.26"]
[Round "7.108"]
[White "Roenko, Artur"]
[Black "Gan-Erdene, Sugar"]
[Result "0-1"]
[WhiteElo "2162"]
[BlackElo "2247"]
[WhiteFideId "14136732"]
[BlackFideId "4902980"]
[EventDate "2018.07.20"]

1. d4 Nf6 2. c4 g6 3. Nc3 Bg7 4. e4 d6 5. Be2 O-O 6. Bg5 Nc6 7. Qd2 e5 8. d5 Nd4
9. Nf3 h6 10. Be3 Nxe2 11. Qxe2 Nh5 12. Qd2 Kh7 13. Ng1 f5 14. f3 fxe4 15. Nxe4
Bf5 16. g3 Bxe4 17. fxe4 Qd7 18. Qe2 Nf6 19. Bd2 c6 20. O-O-O cxd5 21. exd5 Rac8
22. Kb1 Qf5+ 23. Ka1 Qe4 24. Rc1 Rxc4 25. Qxc4 Qxh1 26. Qc7 Qxh2 27. Qa5 b6 28.
Nf3 Qg2 29. Qa3 Ne4 0-1

[Event "29th Czech Open A 2018"]
[Site "Pardubice CZE"]
[Date "2018.07.26"]
[Round "7.109"]
[White "Ristoja, Samu"]
[Black "Tarun, V Kanth"]
[Result "1-0"]
[WhiteElo "2239"]
[BlackElo "2086"]
[WhiteFideId "504025"]
[BlackFideId "25012185"]
[EventDate "2018.07.20"]

1. e4 e6 2. d4 d5 3. e5 c5 4. c3 Qb6 5. Nf3 Nc6 6. a3 Nh6 7. b4 cxd4 8. Bxh6
gxh6 9. cxd4 Bd7 10. Ra2 Bg7 11. Nc3 O-O 12. Na4 Qd8 13. Nc5 Bc8 14. Rc2 f6 15.
Bb5 Nxe5 16. dxe5 fxe5 17. O-O a6 18. Ba4 e4 19. Nd4 Qd6 20. Bb3 Kh8 21. Re1 Rd8
22. Rd2 Be5 23. Nxe4 Bxh2+ 24. Kh1 dxe4 25. Nf3 exf3 26. Rxd6 fxg2+ 27. Kxh2 1-0

[Event "29th Czech Open A 2018"]
[Site "Pardubice CZE"]
[Date "2018.07.26"]
[Round "7.110"]
[White "Ajay Krishna, S"]
[Black "Mahalakshmi, M"]
[Result "1/2-1/2"]
[BlackTitle "WIM"]
[WhiteElo "2161"]
[BlackElo "2238"]
[WhiteFideId "5096430"]
[BlackFideId "5001080"]
[EventDate "2018.07.20"]

1. d4 Nf6 2. Bf4 d5 3. e3 c5 4. Nf3 Nc6 5. Nbd2 Qb6 6. dxc5 Qxc5 7. Nb3 Qb6 8.
a4 e6 9. a5 Qd8 10. Bb5 a6 11. Bxc6+ bxc6 12. O-O Be7 13. Ne5 Bb7 14. Qd4 O-O
15. Bg5 Qc7 16. Nd3 Rac8 17. Bf4 c5 18. Bxc7 cxd4 19. Bb6 dxe3 20. fxe3 Rxc2 21.
Nbc5 Bxc5 1/2-1/2

[Event "29th Czech Open A 2018"]
[Site "Pardubice CZE"]
[Date "2018.07.26"]
[Round "7.111"]
[White "Horacek, Michal"]
[Black "Varitski, Igor"]
[Result "1/2-1/2"]
[BlackTitle "IM"]
[WhiteElo "2131"]
[BlackElo "2235"]
[WhiteFideId "332526"]
[BlackFideId "14102862"]
[EventDate "2018.07.20"]

1. d4 e6 2. Nf3 f5 3. Bg5 Nf6 4. Nbd2 d5 5. Ne5 Be7 6. f4 O-O 7. e3 c5 8. c3 Qb6
9. Bxf6 Bxf6 10. Qb3 Qd6 11. Qa3 b6 12. Be2 Bb7 13. O-O Be7 14. Qa4 a6 15. Rae1
Nc6 16. Ndf3 b5 17. Qd1 b4 18. Nxc6 Bxc6 19. Ne5 Be8 20. Nd3 bxc3 21. bxc3 c4
22. Ne5 Qa3 23. Qd2 Rb8 24. Rb1 Ba4 25. g4 g6 26. gxf5 gxf5 27. Kh1 Bd6 28. Rg1+
Kh8 29. Rxb8 Bxb8 30. Nf3 Bc7 31. Ng5 Qe7 32. Bh5 h6 33. Nf3 Rg8 34. Rxg8+ 1/2-1/2

[Event "29th Czech Open A 2018"]
[Site "Pardubice CZE"]
[Date "2018.07.26"]
[Round "7.112"]
[White "Iliaguev, Daniel"]
[Black "Jedlicka, Ales"]
[Result "1/2-1/2"]
[BlackTitle "FM"]
[WhiteElo "2073"]
[BlackElo "2221"]
[WhiteFideId "2818434"]
[BlackFideId "304824"]
[EventDate "2018.07.20"]

1. d4 Nf6 2. Bg5 Ne4 3. Bf4 c5 4. f3 Qa5+ 5. c3 Nf6 6. d5 Qb6 7. Bc1 e6 8. e4
exd5 9. exd5 d6 10. Na3 Be7 11. Nc4 Qc7 12. a4 O-O 13. g4 Re8 14. Kf2 Nbd7 15.
g5 Nh5 16. f4 g6 17. Be2 Ng7 18. h4 Nf5 19. h5 Bf8 20. hxg6 fxg6 21. a5 b5 22.
axb6 Nxb6 23. Nxb6 Qxb6 24. Nf3 Re7 25. Bc4 Bd7 26. Re1 Rxe1 27. Qxe1 Re8 28.
Qf1 a5 29. b3 Bg7 30. Bd2 h5 31. gxh6 Nxh6 32. Qb1 Bf5 33. Qa2 Ng4+ 34. Kg3 Nf6
35. Ng5 Bh6 36. Kg2 Bxg5 37. fxg5 Ne4 38. Bf4 Nxc3 39. Qxa5 Be4+ 40. Kg3 Qxa5
41. Rxa5 Bxd5 42. Bxd5+ Nxd5 43. Bxd6 Re3+ 44. Kh2 Rxb3 45. Rxc5 Rd3 46. Be5 Kf7
47. Rc6 Re3 48. Bg3 Re6 49. Rxe6 Kxe6 1/2-1/2